000 nam a22 7a 4500
999 _c48102
_d48102
003 Nust
005 20170109092558.0
008 170109b xxu||||| |||| 00| 0 eng d
020 _a9780007309337 (pbk)
040 _cNust
082 _a823
_bKER
100 _aKerley, Jack
245 _aBlood brother /
_cJ.A. Kerley.
260 _aLondon:
_aUK:
_bHarper,
_c2008.
300 _a436p.
650 _aFiction
942 _2ddc
_cBK